[Event "World Youth & Cadets Rapid Championships"]
[Site "Rhodes, Greece"]
[Date "2022.05.01"]
[Round "2.19"]
[White "Balint, Peter"]
[Black "Hartlinski, Tomasz"]
[Result "1-0"]
[TimeControl "10'/game & 5\"/move"]
[WhiteElo "1721"]
[BlackElo "1447"]

1. e4 {[%clk 00:10:09]} c5 {[%clk 00:10:07]} {[%emt 00:00:04]} 2. Nf3 {[%clk
00:10:13]} {[%emt 00:00:01]} e6 {[%clk 00:10:09]} {[%emt 00:00:03]} 3. d4
{[%clk 00:10:17]} {[%emt 00:00:01]} cxd4 {[%clk 00:10:12]} {[%emt 00:00:01]} 4.
Nxd4 {[%clk 00:10:21]} {[%emt 00:00:01]} Nc6 {[%clk 00:10:15]} {[%emt
00:00:02]} 5. Nc3 {[%clk 00:10:25]} {[%emt 00:00:02]} Qc7 {[%clk 00:10:19]} 6.
Be3 {[%clk 00:10:23]} {[%emt 00:00:06]} a6 {[%clk 00:10:23]} {[%emt 00:00:01]}
7. a3 {[%clk 00:10:28]} b5 {[%clk 00:10:20]} {[%emt 00:00:08]} 8. Be2 {[%clk
00:10:01]} {[%emt 00:00:31]} Bb7 {[%clk 00:10:22]} {[%emt 00:00:04]} 9. O-O
{[%clk 00:09:52]} {[%emt 00:00:14]} Nf6 {[%clk 00:10:06]} {[%emt 00:00:20]} 10.
f3 {[%clk 00:09:14]} {[%emt 00:00:44]} Be7 {[%clk 00:09:40]} {[%emt 00:00:30]}
11. Nb3 {[%clk 00:08:56]} {[%emt 00:00:23]} d6 {[%clk 00:09:02]} {[%emt
00:00:44]} 12. f4 {[%clk 00:08:26]} {[%emt 00:00:35]} O-O-O {[%clk 00:07:35]}
{[%emt 00:01:32]} 13. Bf3 {[%clk 00:08:17]} {[%emt 00:00:13]} Nd7 {[%clk
00:07:06]} {[%emt 00:00:35]} 14. Qe2 {[%clk 00:08:03]} {[%emt 00:00:19]} Nc5
{[%clk 00:07:05]} {[%emt 00:00:06]} 15. Nd4 {[%clk 00:07:50]} {[%emt 00:00:18]}
Nxd4 {[%clk 00:05:35]} {[%emt 00:01:34]} 16. Bxd4 {[%clk 00:07:51]} {[%emt
00:00:05]} Bf6 {[%clk 00:05:39]} 17. Bf2 {[%clk 00:07:09]} {[%emt 00:00:47]}
Rhe8 {[%clk 00:05:16]} {[%emt 00:00:28]} 18. Rfe1 {[%clk 00:06:53]} {[%emt
00:00:22]} Be7 {[%clk 00:04:34]} {[%emt 00:00:48]} 19. Rad1 {[%clk 00:06:21]}
{[%emt 00:00:36]} Bc6 {[%clk 00:03:35]} {[%emt 00:01:04]} 20. Na2 {[%clk
00:05:56]} {[%emt 00:00:30]} a5 {[%clk 00:02:49]} {[%emt 00:00:50]} 21. b4
{[%clk 00:05:17]} {[%emt 00:00:44]} Nb7 {[%clk 00:02:44]} {[%emt 00:00:11]} 22.
bxa5 {[%clk 00:05:17]} {[%emt 00:00:05]} Nxa5 {[%clk 00:02:42]} {[%emt
00:00:08]} 23. Nb4 {[%clk 00:05:20]} {[%emt 00:00:01]} Nc4 {[%clk 00:02:40]}
{[%emt 00:00:07]} 24. Nxc6 {[%emt 00:00:25]} Qxc6 {[%clk 00:02:44]} 25. a4
{[%clk 00:05:04]} {[%emt 00:00:03]} b4 {[%clk 00:02:27]} {[%emt 00:00:21]} 26.
Rd4 {[%clk 00:04:01]} {[%emt 00:01:07]} d5 {[%clk 00:01:19]} {[%emt 00:01:13]}
27. exd5 {[%clk 00:04:05]} {[%emt 00:00:02]} exd5 {[%clk 00:01:23]} 28. Bxd5
{[%clk 00:04:08]} {[%emt 00:00:03]} 1-0

[Event "World Youth & Cadets Rapid Championships"]
[Site "Rhodes, Greece"]
[Date "2022.05.01"]
[Round "2.20"]
[White "Tureshbayev, Anuar"]
[Black "Yu, Rock"]
[Result "0-1"]
[TimeControl "10'/game & 5\"/move"]
[WhiteElo "1640"]
[BlackElo "1426"]

1. d4 {[%clk 00:10:09]} Nf6 {[%clk 00:10:09]} {[%emt 00:00:02]} 2. Bf4 {[%clk
00:10:13]} {[%emt 00:00:01]} g6 {[%clk 00:10:11]} {[%emt 00:00:03]} 3. Nc3
{[%clk 00:10:16]} {[%emt 00:00:01]} d5 {[%clk 00:09:59]} {[%emt 00:00:18]} 4.
Qd2 {[%clk 00:10:18]} {[%emt 00:00:02]} c6 {[%clk 00:10:02]} {[%emt 00:00:02]}
5. f3 {[%clk 00:10:18]} {[%emt 00:00:04]} Bf5 {[%clk 00:10:04]} {[%emt
00:00:04]} 6. Be5 {[%clk 00:09:50]} {[%emt 00:00:34]} Nbd7 {[%clk 00:09:56]}
{[%emt 00:00:12]} 7. g4 {[%clk 00:09:30]} {[%emt 00:00:25]} Be6 {[%clk
00:10:00]} {[%emt 00:00:02]} 8. h3 {[%clk 00:09:30]} {[%emt 00:00:04]} Nxe5
{[%clk 00:10:02]} {[%emt 00:00:03]} 9. dxe5 {[%clk 00:09:33]} {[%emt 00:00:02]}
Nd7 {[%clk 00:10:06]} {[%emt 00:00:02]} 10. e4 {[%clk 00:09:34]} {[%emt
00:00:03]} Nxe5 {[%clk 00:09:39]} {[%emt 00:00:32]} 11. f4 {[%clk 00:09:37]}
{[%emt 00:00:02]} Nc4 {[%clk 00:09:43]} {[%emt 00:00:02]} 12. Bxc4 {[%clk
00:09:37]} {[%emt 00:00:04]} dxc4 {[%clk 00:09:46]} {[%emt 00:00:02]} 13. Qe3
{[%clk 00:09:38]} {[%emt 00:00:04]} Bh6 {[%clk 00:09:19]} {[%emt 00:00:31]} 14.
Rd1 {[%clk 00:09:11]} {[%emt 00:00:33]} Qb6 {[%clk 00:09:17]} {[%emt 00:00:08]}
15. Qxb6 {[%clk 00:08:35]} {[%emt 00:00:40]} axb6 {[%clk 00:09:21]} {[%emt
00:00:02]} 16. f5 {[%clk 00:08:31]} {[%emt 00:00:09]} Bd7 {[%clk 00:09:18]}
{[%emt 00:00:07]} 17. Nf3 {[%clk 00:08:19]} {[%emt 00:00:17]} b5 {[%clk
00:09:05]} {[%emt 00:00:19]} 18. Ne5 {[%clk 00:07:53]} {[%emt 00:00:30]} Rd8
{[%clk 00:09:01]} {[%emt 00:00:10]} 19. O-O {[%clk 00:07:17]} {[%emt 00:00:40]}
f6 {[%clk 00:08:31]} {[%emt 00:00:36]} 20. Nf3 {[%clk 00:06:29]} {[%emt
00:00:52]} O-O {[%clk 00:07:55]} {[%emt 00:00:42]} 21. Kg2 {[%clk 00:05:32]}
{[%emt 00:01:02]} e6 {[%clk 00:07:10]} {[%emt 00:00:50]} 22. Nd4 {[%clk
00:04:41]} {[%emt 00:00:56]} e5 {[%clk 00:06:57]} {[%emt 00:00:17]} 23. Nf3
{[%clk 00:04:02]} {[%emt 00:00:43]} gxf5 {[%clk 00:06:51]} {[%emt 00:00:12]} 24.
exf5 {[%clk 00:04:04]} {[%emt 00:00:03]} Kf7 {[%clk 00:06:34]} {[%emt
00:00:21]} 25. Ne4 {[%clk 00:04:01]} {[%emt 00:00:09]} Ke7 {[%clk 00:06:24]}
{[%emt 00:00:15]} 26. g5 {[%clk 00:03:25]} {[%emt 00:00:42]} Bxg5 {[%clk
00:06:03]} {[%emt 00:00:25]} 27. Nfxg5 {[%clk 00:02:26]} {[%emt 00:01:05]} fxg5
{[%clk 00:06:04]} {[%emt 00:00:03]} 28. f6+ {[%clk 00:02:24]} {[%emt 00:00:07]}
Kf7 {[%clk 00:05:39]} {[%emt 00:00:30]} 29. Nxg5+ {[%clk 00:02:08]} {[%emt
00:00:21]} Kg6 {[%clk 00:05:41]} {[%emt 00:00:03]} 30. Nf3 {[%clk 00:02:07]}
{[%emt 00:00:06]} Kxf6 {[%clk 00:05:14]} {[%emt 00:00:33]} 31. Nxe5+ {[%clk
00:01:41]} {[%emt 00:00:31]} Kxe5 {[%clk 00:05:09]} {[%emt 00:00:10]} 32. Rxf8
{[%clk 00:01:41]} {[%emt 00:00:02]} Bxh3+ {[%clk 00:05:09]} {[%emt 00:00:07]}
33. Kxh3 {[%clk 00:01:43]} {[%emt 00:00:03]} Rxf8 {[%clk 00:05:02]} {[%emt
00:00:12]} 34. Rd2 {[%clk 00:01:29]} {[%emt 00:00:19]} Rf7 {[%clk 00:04:55]}
{[%emt 00:00:12]} 35. Kg4 {[%clk 00:01:24]} {[%emt 00:00:09]} b4 {[%clk
00:04:29]} {[%emt 00:00:33]} 36. Kg5 {[%clk 00:00:55]} {[%emt 00:00:33]} b5
{[%clk 00:04:14]} {[%emt 00:00:20]} 37. Re2+ {[%clk 00:00:09]} {[%emt
00:00:52]} Kd6 {[%clk 00:04:10]} {[%emt 00:00:09]} 38. Rd2+ {[%clk 00:00:13]}
{[%emt 00:00:01]} Kc5 {[%clk 00:04:13]} {[%emt 00:00:02]} 39. Re2 {[%clk
00:00:08]} {[%emt 00:00:08]} Ra7 {[%clk 00:04:16]} {[%emt 00:00:04]} 40. Re5+
{[%clk 00:00:10]} {[%emt 00:00:02]} Kb6 {[%clk 00:04:20]} {[%emt 00:00:01]} 41.
b3 {[%clk 00:00:06]} {[%emt 00:00:10]} c3 {[%clk 00:04:17]} {[%emt 00:00:08]}
42. Re4 {[%clk 00:00:07]} {[%emt 00:00:04]} Rxa2 {[%clk 00:04:13]} {[%emt
00:00:09]} 43. Rxb4 {[%clk 00:00:10]} {[%emt 00:00:02]} Rxc2 {[%clk 00:04:16]}
{[%emt 00:00:01]} 44. Rh4 {[%clk 00:00:13]} {[%emt 00:00:03]} Rg2+ {[%clk
00:04:16]} {[%emt 00:00:05]} 45. Kf4 {[%clk 00:00:16]} {[%emt 00:00:02]} c2
{[%clk 00:04:17]} {[%emt 00:00:04]} 46. Rh1 {[%clk 00:00:19]} Rd2 {[%clk
00:04:12]} {[%emt 00:00:10]} 47. Rc1 {[%clk 00:00:24]} Ka5 {[%clk 00:04:15]}
{[%emt 00:00:02]} 48. Ke3 {[%clk 00:00:27]} {[%emt 00:00:01]} Rh2 {[%clk
00:04:15]} {[%emt 00:00:05]} 49. Kd3 {[%clk 00:00:29]} {[%emt 00:00:03]} Kb4
{[%clk 00:04:18]} {[%emt 00:00:03]} 50. Rxc2 {[%clk 00:00:08]} {[%emt
00:00:26]} Rxc2 {[%clk 00:04:21]} {[%emt 00:00:02]} 51. Kxc2 {[%clk 00:00:12]}
{[%emt 00:00:01]} h5 {[%clk 00:04:25]} 52. Kd3 {[%clk 00:00:16]} Kxb3 {[%clk
00:04:27]} {[%emt 00:00:03]} 53. Ke3 {[%clk 00:00:20]} c5 {[%clk 00:04:29]}
{[%emt 00:00:04]} 54. Ke4 {[%clk 00:00:24]} c4 {[%clk 00:04:33]} {[%emt
00:00:01]} 55. Kf4 {[%clk 00:00:27]} {[%emt 00:00:01]} c3 {[%clk 00:04:36]}
{[%emt 00:00:03]} 56. Kf5 {[%clk 00:00:31]} c2 {[%clk 00:04:40]} {[%emt
00:00:02]} 57. Ke5 {[%clk 00:00:36]} c1=Q {[%emt 00:00:06]} 58. Kd5 {[%clk
00:00:40]} h4 {[%clk 00:04:37]} {[%emt 00:00:08]} 59. Kd6 {[%clk 00:00:44]} Qc4
{[%clk 00:04:38]} {[%emt 00:00:04]} 60. Kd7 {[%clk 00:00:48]} {[%emt 00:00:01]}
Qc5 {[%clk 00:04:38]} {[%emt 00:00:06]} 61. Kd8 {[%clk 00:00:51]} Qa7 {[%clk
00:04:41]} {[%emt 00:00:02]} 62. Ke8 {[%clk 00:00:50]} {[%emt 00:00:06]} h3
{[%clk 00:04:45]} {[%emt 00:00:01]} 0-1

[Event "World Youth & Cadets Rapid Championships"]
[Site "Rhodes, Greece"]
[Date "2022.05.01"]
[Round "2.21"]
[White "Mansurov, Yusuf"]
[Black "Teng, David"]
[Result "1-0"]
[TimeControl "10'/game & 5\"/move"]
[WhiteElo "1848"]
[BlackElo "1423"]

1. e4 {[%clk 00:10:08]} c5 {[%clk 00:10:09]} {[%emt 00:00:02]} 2. c3 {[%clk
00:10:12]} {[%emt 00:00:01]} Nf6 {[%clk 00:10:05]} {[%emt 00:00:08]} 3. e5
{[%clk 00:10:16]} {[%emt 00:00:02]} Nd5 {[%clk 00:10:09]} {[%emt 00:00:01]} 4.
d4 {[%clk 00:10:19]} {[%emt 00:00:02]} cxd4 {[%clk 00:10:10]} {[%emt 00:00:04]}
5. cxd4 {[%clk 00:10:23]} {[%emt 00:00:02]} e6 {[%clk 00:10:14]} 6. Nf3 {[%clk
00:10:25]} {[%emt 00:00:02]} Nc6 {[%clk 00:10:17]} {[%emt 00:00:02]} 7. Bc4
{[%clk 00:10:28]} {[%emt 00:00:02]} Nb6 {[%clk 00:10:21]} {[%emt 00:00:01]} 8.
Bb3 {[%clk 00:10:17]} {[%emt 00:00:16]} d6 {[%clk 00:10:23]} {[%emt 00:00:03]}
9. O-O {[%clk 00:10:01]} {[%emt 00:00:21]} Be7 {[%clk 00:10:23]} {[%emt
00:00:05]} 10. Qe2 {[%clk 00:09:51]} {[%emt 00:00:13]} O-O {[%clk 00:10:22]}
{[%emt 00:00:08]} 11. a3 {[%clk 00:09:49]} {[%emt 00:00:07]} Qc7 {[%clk
00:09:48]} {[%emt 00:00:39]} 12. Bc2 {[%clk 00:09:35]} {[%emt 00:00:17]} Bd7
{[%clk 00:09:37]} {[%emt 00:00:18]} 13. Qe4 {[%clk 00:09:04]} {[%emt 00:00:35]}
g6 {[%clk 00:09:25]} {[%emt 00:00:17]} 14. Bh6 {[%clk 00:08:59]} {[%emt
00:00:10]} Rfd8 {[%clk 00:09:21]} {[%emt 00:00:09]} 15. Nc3 {[%clk 00:08:44]}
{[%emt 00:00:21]} a6 {[%clk 00:08:47]} {[%emt 00:00:40]} 16. h4 {[%clk
00:08:15]} {[%emt 00:00:33]} d5 {[%clk 00:08:13]} {[%emt 00:00:40]} 17. Qf4
{[%clk 00:07:33]} {[%emt 00:00:45]} Bf8 {[%clk 00:07:46]} {[%emt 00:00:32]} 18.
Bg5 {[%clk 00:06:49]} {[%emt 00:00:49]} Re8 {[%clk 00:07:24]} {[%emt 00:00:28]}
19. Bf6 {[%clk 00:06:32]} {[%emt 00:00:22]} Bg7 {[%clk 00:06:48]} {[%emt
00:00:41]} 20. Bxg7 {[%clk 00:05:38]} {[%emt 00:00:59]} Kxg7 {[%clk 00:06:50]}
{[%emt 00:00:03]} 21. Ng5 {[%clk 00:05:37]} {[%emt 00:00:06]} Rf8 {[%clk
00:06:43]} {[%emt 00:00:12]} 22. h5 {[%clk 00:05:26]} {[%emt 00:00:15]} Qd8
{[%clk 00:05:59]} {[%emt 00:00:49]} 23. Qg4 {[%clk 00:03:55]} {[%emt 00:01:37]}
Ne7 {[%clk 00:05:31]} {[%emt 00:00:33]} 24. g3 {[%clk 00:03:31]} {[%emt
00:00:28]} Nf5 {[%clk 00:05:00]} {[%emt 00:00:36]} 25. Rad1 {[%clk 00:02:47]}
{[%emt 00:00:50]} Rc8 {[%clk 00:04:32]} {[%emt 00:00:33]} 26. Kg2 {[%clk
00:02:43]} {[%emt 00:00:09]} Nc4 {[%clk 00:04:27]} {[%emt 00:00:10]} 27. hxg6
{[%clk 00:02:21]} {[%emt 00:00:27]} fxg6 {[%clk 00:04:24]} {[%emt 00:00:07]} 28.
Bxf5 {[%clk 00:02:00]} {[%emt 00:00:27]} exf5 {[%clk 00:04:20]} {[%emt
00:00:09]} 29. Qf4 {[%clk 00:01:47]} {[%emt 00:00:17]} Qe7 {[%clk 00:03:56]}
{[%emt 00:00:29]} 30. Rh1 {[%clk 00:01:11]} {[%emt 00:00:42]} Rh8 {[%clk
00:03:49]} {[%emt 00:00:12]} 31. Rde1 {[%clk 00:00:59]} {[%emt 00:00:18]} Be6
{[%clk 00:03:40]} {[%emt 00:00:13]} 32. Nxe6+ {[%clk 00:00:52]} {[%emt
00:00:12]} Qxe6 {[%clk 00:03:44]} {[%emt 00:00:01]} 33. Re2 {[%clk 00:00:48]}
{[%emt 00:00:10]} b5 {[%clk 00:03:44]} {[%emt 00:00:05]} 34. Qf3 {[%clk
00:00:46]} {[%emt 00:00:05]} Rhe8 {[%clk 00:03:25]} {[%emt 00:00:24]} 35. Nxd5
{[%clk 00:00:39]} {[%emt 00:00:13]} Red8 {[%clk 00:03:18]} {[%emt 00:00:12]} 36.
Nf6 {[%clk 00:00:41]} {[%emt 00:00:03]} h6 {[%clk 00:03:01]} {[%emt 00:00:22]}
37. Rd1 {[%clk 00:00:22]} {[%emt 00:00:24]} Nb6 {[%clk 00:02:49]} {[%emt
00:00:17]} 38. Qb7+ {[%clk 00:00:23]} {[%emt 00:00:04]} Kf8 {[%clk 00:02:38]}
{[%emt 00:00:16]} 39. Qh7 {[%clk 00:00:24]} {[%emt 00:00:03]} Nd5 {[%clk
00:02:18]} {[%emt 00:00:26]} 40. Qxh6+ {[%clk 00:00:26]} {[%emt 00:00:04]} Ke7
{[%clk 00:02:16]} {[%emt 00:00:03]} 41. Qxg6 {[%clk 00:00:26]} {[%emt
00:00:09]} Nxf6 {[%clk 00:02:16]} {[%emt 00:00:05]} 42. exf6+ {[%clk 00:00:29]}
{[%emt 00:00:02]} 1-0

[Event "World Youth & Cadets Rapid Championships"]
[Site "Rhodes, Greece"]
[Date "2022.05.01"]
[Round "2.22"]
[White "Sofronie, Vladimir"]
[Black "Negrean, Andrei"]
[Result "0-1"]
[TimeControl "10'/game & 5\"/move"]
[WhiteElo "1399"]
[BlackElo "1806"]

1. d4 {[%clk 00:10:07]} {[%emt 00:00:03]} Nf6 {[%clk 00:10:09]} {[%emt
00:00:02]} 2. Bf4 {[%clk 00:10:11]} {[%emt 00:00:02]} d5 {[%clk 00:10:11]}
{[%emt 00:00:03]} 3. e3 {[%clk 00:10:14]} {[%emt 00:00:01]} c5 {[%clk
00:10:13]} {[%emt 00:00:02]} 4. Nc3 {[%clk 00:10:17]} {[%emt 00:00:03]} cxd4
{[%clk 00:09:51]} {[%emt 00:00:28]} 5. exd4 {[%clk 00:10:20]} {[%emt 00:00:02]}
a6 {[%clk 00:09:51]} {[%emt 00:00:04]} 6. Nf3 {[%clk 00:10:07]} {[%emt
00:00:18]} Nc6 {[%clk 00:09:41]} {[%emt 00:00:15]} 7. Ne5 {[%clk 00:09:43]}
{[%emt 00:00:28]} Qb6 {[%clk 00:08:19]} {[%emt 00:01:28]} 8. Nxc6 {[%clk
00:09:38]} {[%emt 00:00:09]} Qxc6 {[%clk 00:06:42]} {[%emt 00:01:42]} 9. Be2
{[%clk 00:09:28]} {[%emt 00:00:13]} Bf5 {[%clk 00:06:30]} {[%emt 00:00:18]} 10.
O-O {[%clk 00:09:05]} {[%emt 00:00:29]} e6 {[%clk 00:06:24]} {[%emt 00:00:11]}
11. Bd3 {[%clk 00:08:58]} {[%emt 00:00:11]} Bxd3 {[%clk 00:06:05]} {[%emt
00:00:25]} 12. Qxd3 {[%clk 00:09:01]} {[%emt 00:00:02]} Bd6 {[%clk 00:05:31]}
{[%emt 00:00:39]} 13. Bxd6 {[%clk 00:08:48]} {[%emt 00:00:18]} Qxd6 {[%clk
00:05:35]} {[%emt 00:00:01]} 14. Ne2 {[%clk 00:08:34]} {[%emt 00:00:16]} O-O
{[%clk 00:05:19]} {[%emt 00:00:23]} 15. c3 {[%clk 00:08:37]} {[%emt 00:00:03]}
b5 {[%clk 00:04:29]} {[%emt 00:00:55]} 16. a3 {[%clk 00:08:26]} {[%emt
00:00:16]} Rab8 {[%clk 00:03:26]} {[%emt 00:01:09]} 17. Nc1 {[%clk 00:08:26]}
{[%emt 00:00:04]} Nd7 {[%clk 00:02:20]} {[%emt 00:01:10]} 18. Nb3 {[%clk
00:08:15]} {[%emt 00:00:15]} Qb6 {[%clk 00:02:04]} {[%emt 00:00:23]} 19. f4
{[%clk 00:08:15]} {[%emt 00:00:04]} a5 {[%clk 00:01:39]} {[%emt 00:00:32]} 20.
g4 {[%clk 00:08:05]} {[%emt 00:00:14]} b4 {[%clk 00:01:15]} {[%emt 00:00:29]}
21. cxb4 {[%clk 00:08:09]} {[%emt 00:00:02]} axb4 {[%clk 00:01:16]} {[%emt
00:00:03]} 22. a4 {[%clk 00:08:13]} {[%emt 00:00:02]} Nf6 {[%clk 00:00:55]}
{[%emt 00:00:25]} 23. g5 {[%clk 00:08:01]} {[%emt 00:00:17]} Ne4 {[%clk
00:00:57]} {[%emt 00:00:04]} 24. a5 {[%clk 00:06:53]} {[%emt 00:01:13]} Qd6
{[%clk 00:00:42]} {[%emt 00:00:18]} 25. a6 {[%clk 00:06:36]} {[%emt 00:00:23]}
Ra8 {[%clk 00:00:24]} {[%emt 00:00:23]} 26. Ra4 {[%clk 00:05:42]} {[%emt
00:00:55]} Ra7 {[%clk 00:00:15]} {[%emt 00:00:19]} 27. Qb5 {[%clk 00:05:18]}
{[%emt 00:00:26]} Rb8 {[%clk 00:00:14]} {[%emt 00:00:09]} 28. Qa5 {[%clk
00:04:32]} {[%emt 00:00:48]} Rba8 {[%clk 00:00:11]} {[%emt 00:00:11]} 29. Qxb4
{[%clk 00:04:08]} {[%emt 00:00:29]} Qxb4 {[%clk 00:00:12]} {[%emt 00:00:05]} 30.
Rxb4 {[%clk 00:04:12]} Rxa6 {[%clk 00:00:16]} 31. Rc1 {[%clk 00:04:10]} {[%emt
00:00:05]} R6a7 {[%clk 00:00:09]} {[%emt 00:00:13]} 32. Nc5 {[%clk 00:04:08]}
{[%emt 00:00:06]} Nd6 {[%clk 00:00:11]} {[%emt 00:00:05]} 33. Rb6 {[%clk
00:04:05]} {[%emt 00:00:07]} Nc4 {[%clk 00:00:13]} {[%emt 00:00:02]} 34. Rb4
{[%clk 00:04:01]} {[%emt 00:00:06]} h6 {[%clk 00:00:10]} {[%emt 00:00:11]} 35.
gxh6 {[%clk 00:04:05]} {[%emt 00:00:01]} gxh6 {[%clk 00:00:15]} 36. b3 {[%clk
00:04:09]} {[%emt 00:00:02]} Nd6 {[%clk 00:00:14]} {[%emt 00:00:05]} 37. Nd3
{[%clk 00:03:39]} {[%emt 00:00:30]} Kh7 {[%clk 00:00:14]} {[%emt 00:00:10]} 38.
Kf2 {[%clk 00:03:28]} {[%emt 00:00:16]} Ra2+ {[%clk 00:00:16]} {[%emt
00:00:04]} 39. Kf3 {[%clk 00:03:20]} {[%emt 00:00:09]} Rxh2 {[%clk 00:00:13]}
{[%emt 00:00:11]} 40. Ne5 {[%clk 00:03:20]} {[%emt 00:00:02]} Raa2 {[%clk
00:00:12]} {[%emt 00:00:10]} 41. Rc6 {[%clk 00:02:59]} {[%emt 00:00:25]} Raf2+
{[%clk 00:00:12]} {[%emt 00:00:05]} 42. Ke3 {[%clk 00:03:03]} Nf5+ {[%clk
00:00:07]} {[%emt 00:00:09]} 43. Kd3 {[%clk 00:03:02]} {[%emt 00:00:07]} Rh3+
{[%clk 00:00:12]} {[%emt 00:00:01]} 0-1

[Event "World Youth & Cadets Rapid Championships"]
[Site "Rhodes, Greece"]
[Date "2022.05.01"]
[Round "2.23"]
[White "Tak, Rannveer"]
[Black "Verbytski, Oleg"]
[Result "0-1"]
[TimeControl "10'/game & 5\"/move"]
[WhiteElo "1746"]
[BlackElo "1374"]

1. e4 {[%clk 00:10:09]} c5 {[%clk 00:10:08]} {[%emt 00:00:02]} 2. Nc3 {[%clk
00:10:11]} {[%emt 00:00:03]} e6 {[%clk 00:10:12]} {[%emt 00:00:02]} 3. g3
{[%clk 00:10:15]} {[%emt 00:00:02]} d5 {[%clk 00:10:15]} {[%emt 00:00:02]} 4.
Bg2 {[%clk 00:10:18]} {[%emt 00:00:02]} Nf6 {[%emt 00:00:08]} 5. d3 {[%clk
00:10:15]} Nc6 {[%clk 00:10:21]} {[%emt 00:00:02]} 6. f4 {[%clk 00:10:18]}
{[%emt 00:00:02]} b6 {[%clk 00:10:22]} {[%emt 00:00:04]} 7. Nf3 {[%clk
00:10:21]} {[%emt 00:00:02]} Bb7 {[%clk 00:10:26]} {[%emt 00:00:01]} 8. O-O
{[%clk 00:10:21]} {[%emt 00:00:05]} Be7 {[%clk 00:10:29]} {[%emt 00:00:02]} 9.
h3 {[%clk 00:10:15]} {[%emt 00:00:10]} O-O {[%clk 00:10:30]} {[%emt 00:00:03]}
10. g4 {[%clk 00:09:53]} {[%emt 00:00:29]} dxe4 {[%clk 00:10:28]} {[%emt
00:00:07]} 11. dxe4 {[%clk 00:09:54]} {[%emt 00:00:03]} Qxd1 {[%clk 00:10:06]}
{[%emt 00:00:28]} 12. Rxd1 {[%clk 00:09:55]} {[%emt 00:00:04]} Rfd8 {[%clk
00:10:07]} {[%emt 00:00:04]} 13. Be3 {[%clk 00:09:55]} {[%emt 00:00:04]} Nb4
{[%clk 00:10:04]} {[%emt 00:00:08]} 14. e5 {[%clk 00:08:43]} {[%emt 00:01:16]}
Nfd5 {[%clk 00:09:22]} {[%emt 00:00:48]} 15. Nxd5 {[%clk 00:08:38]} {[%emt
00:00:10]} exd5 {[%emt 00:00:27]} 16. c3 {[%clk 00:07:28]} {[%emt 00:01:00]}
Nc2 {[%clk 00:09:19]} {[%emt 00:00:02]} 17. Re1 {[%clk 00:07:31]} {[%emt
00:00:02]} Nxa1 {[%clk 00:09:19]} {[%emt 00:00:05]} 18. Rxa1 {[%clk 00:07:35]}
Rac8 {[%clk 00:09:17]} {[%emt 00:00:08]} 19. Rd1 {[%clk 00:07:32]} {[%emt
00:00:07]} h6 {[%clk 00:08:48]} {[%emt 00:00:35]} 20. f5 {[%clk 00:06:58]}
{[%emt 00:00:39]} Kh7 {[%clk 00:08:36]} {[%emt 00:00:16]} 21. Kh2 {[%clk
00:06:30]} {[%emt 00:00:33]} Ba8 {[%clk 00:08:26]} {[%emt 00:00:15]} 22. Kg3
{[%clk 00:06:13]} {[%emt 00:00:23]} f6 {[%clk 00:08:18]} {[%emt 00:00:13]} 23.
Bf4 {[%clk 00:04:52]} {[%emt 00:01:25]} fxe5 {[%clk 00:08:01]} {[%emt
00:00:23]} 24. Nxe5 {[%clk 00:04:32]} {[%emt 00:00:24]} Bf6 {[%clk 00:07:41]}
{[%emt 00:00:25]} 25. Nf7 {[%clk 00:03:47]} {[%emt 00:00:50]} Rd7 {[%clk
00:07:32]} {[%emt 00:00:15]} 26. Nd6 {[%clk 00:03:41]} {[%emt 00:00:10]} Rcd8
{[%clk 00:07:35]} {[%emt 00:00:03]} 27. Bxd5 {[%clk 00:03:24]} {[%emt
00:00:21]} Rxd6 {[%clk 00:07:18]} {[%emt 00:00:23]} 28. Bg8+ {[%clk 00:01:18]}
{[%emt 00:02:10]} Kxg8 {[%clk 00:07:20]} {[%emt 00:00:03]} 29. Rxd6 {[%clk
00:01:19]} {[%emt 00:00:04]} Rxd6 {[%clk 00:07:20]} {[%emt 00:00:06]} 30. Bxd6
{[%clk 00:01:22]} {[%emt 00:00:01]} Kf7 {[%clk 00:07:23]} {[%emt 00:00:03]} 31.
h4 {[%clk 00:01:15]} {[%emt 00:00:12]} Ke8 {[%clk 00:07:01]} {[%emt 00:00:26]}
32. Bf4 {[%clk 00:01:06]} {[%emt 00:00:15]} Be4 {[%clk 00:06:46]} {[%emt
00:00:20]} 33. Bb8 {[%clk 00:00:49]} {[%emt 00:00:22]} a6 {[%clk 00:06:50]}
{[%emt 00:00:01]} 34. a3 {[%clk 00:00:41]} {[%emt 00:00:11]} Kd7 {[%clk
00:06:49]} {[%emt 00:00:08]} 35. Kf4 {[%clk 00:00:39]} {[%emt 00:00:07]} Bc6
{[%clk 00:06:37]} {[%emt 00:00:17]} 36. g5 {[%clk 00:00:30]} {[%emt 00:00:13]}
hxg5+ {[%clk 00:06:35]} {[%emt 00:00:06]} 37. hxg5 {[%clk 00:00:29]} {[%emt
00:00:06]} Bd8 {[%clk 00:06:35]} {[%emt 00:00:06]} 0-1